000 00654nam a22001817a 4500
005 20231128124839.0
008 231128b |||||||| |||| 00| 0 eng d
020 _a9041108513 ; 1853330965
041 _aEnglish
082 _a340.1 INT
100 _lEnglish
245 _aLaw Without Frontiers :
_bA Comparative Survey of the Rules of Professional Ethics Applicable to the Cross-Border Practice of Law /
_cedited by E Godfrey
250 _aFirst Edition
260 _aLondon :
_bInternational Bar Association,
_c1995
300 _bxii, 378 pages ;
_c25 cm.
650 _aLegal practice
_bLaw
942 _cBK
_6ALISON_BN_VRIES
999 _c1011
_d1011